[Event "Cappelle Open"]
[Site "Cappelle la Grande FRA"]
[Date "1995.??.??"]
[Round "1"]
[White "Vescovi, Giovanni P"]
[Black "Skalli, K."]
[Result "1-0"]
[WhiteElo "2465"]
[BlackElo "2250"]
[PlyCount "143"]
[EventDate "1995.03.??"]
[Source "www.chesslib.no"]
[SourceDate "2004.05.04"]

1. e4 e5 2. Nc3 Nf6 3. f4 d5 4. fxe5 Nxe4 5. Nf3 Be7 6. Qe2 Nxc3 7. dxc3 O-O 8. Bf4 Be6 9. Qf2 Nd7 10. Qg3 Re8 11. Bd3 Nc5 12. O-O c6 13. Bh6 Bf8 14. Ng5 Nxd3 15. cxd3 Qc7 16. d4 f5 17. Nxe6 Rxe6 18. Be3 Rg6 19. Qh3 Be7 20. Rxf5 h6 21. Raf1 Qb6 22. R5f2 Kh7 23. Qf5 Rf8 24. Qc2 Rxf2 25. Rxf2 c5 26. dxc5 Bxc5 27. Bxc5 Qxc5 28. Qd3 Qc4 29. Qxc4 dxc4 30. Re2 Re6 31. Kf2 Kg6 32. Kf3 Kf7 33. Ke4 Ra6 34. Kd5 Ke7 35. a3 b5 36. Kc5 Rb6 37. e6 Rb8 38. Kc6 a6 39. Kc7 Rd8 40. Kb6 Rd6+ 41. Kc5 Rd8 42. a4 Rb8 43. axb5 axb5 44. Kc6 g6 45. Kc5 Rb7 46. h3 Rb8 47. Kc6 h5 48. Kc5 Rb7 49. h4 Rb8 50. g3 Rb7 51. Re5 Rb8 52. Re3 Rb7 53. Kc6 Rb8 54. Re4 b4 55. Kc5 bxc3 56. bxc3 Rc8+ 57. Kd5 Rf8 58. Kxc4 Rf3 59. g4 hxg4 60. Rxg4 Kxe6 61. Rxg6+ Kd7 62. Rg4 Rh3 63. Kd4 Rh1 64. c4 Kc6 65. Ke5 Re1+ 66. Kf6 Kd6 67. h5 Rf1+ 68. Kg6 Ke7 69. h6 Rf6+ 70. Kg5 Rc6 71. h7 Rc8 72. Rh4 1-0

[Event "Serbia-ch"]
[Site "Leskovac"]
[Date "2002.02.15"]
[Round "1"]
[White "Brajic, Miloje"]
[Black "Brenjo, Slavisa"]
[Result "0-1"]
[WhiteElo "2252"]
[BlackElo "2462"]
[PlyCount "68"]
[EventDate "2002.02.15"]
[Source "ChessBase"]
[SourceDate "2002.03.14"]

1. e4 e5 2. Nc3 Nf6 3. f4 d5 4. fxe5 Nxe4 5. Nf3 Be7 6. Be2 Nc6 7. d3 Nxc3 8. bxc3 d4 9. O-O dxc3 10. d4 Nb4 11. Bc4 Be6 12. Bxe6 fxe6 13. Rb1 O-O 14. a3 Nd5 15. Rxb7 Qc8 16. Rb3 Qa6 17. Re1 Rab8 18. Rxb8 Rxb8 19. Ng5 Bxg5 20. Bxg5 Qxa3 21. Qg4 Re8 22. h4 Qa4 23. h5 Qd7 24. h6 Qf7 25. Rf1 Qg6 26. hxg7 Ne3 27. Rf8+ Rxf8 28. gxf8=Q+ Kxf8 29. Qf3+ Nf5 30. Bf6 Qg3 31. Qa8+ Kf7 32. Qxa7 Qe3+ 33. Kh2 Qf4+ 34. g3 Qf2+ 0-1

[Event "Itau Cup 6th"]
[Site "Sao Paulo"]
[Date "2002.09.29"]
[Round "3"]
[White "Matsuura, Everaldo"]
[Black "Batista, Renato Luiz"]
[Result "1-0"]
[WhiteElo "2450"]
[BlackElo "2261"]
[PlyCount "97"]
[EventDate "2002.09.28"]
[Source "ChessBase"]
[SourceDate "2002.11.06"]

1. e4 e5 2. Nc3 Nf6 3. f4 d5 4. fxe5 Nxe4 5. Nf3 Be7 6. Qe2 Ng5 7. d4 Nxf3+ 8. gxf3 Bh4+ 9. Kd1 Nc6 10. Be3 O-O 11. f4 f6 12. Bg2 fxe5 13. fxe5 Nxe5 14. dxe5 d4 15. Qc4+ Kh8 16. Qxd4 Qxd4+ 17. Bxd4 Rd8 18. Bd5 c6 19. e6 cxd5 20. Rg1 Rg8 21. Nxd5 Bxe6 22. Nc7 Rad8 23. Nxe6 Rd6 24. Rg4 Bf6 25. Re4 Re8 26. c3 Rdxe6 27. Rxe6 Rxe6 28. Bxa7 Be5 29. h3 Rh6 30. Kc2 g5 31. Re1 Bd6 32. Re3 Kg8 33. Bd4 Kf7 34. c4 Rh4 35. Rd3 h5 36. c5 Bc7 37. Bf2 Re4 38. Rd7+ Re7 39. Rxe7+ Kxe7 40. Kd3 g4 41. hxg4 hxg4 42. b4 Bh2 43. Be3 Ke6 44. Ke4 Bg3 45. a3 Be1 46. Bf4 Bf2 47. Be3 Bg3 48. Bd2 Bf2 49. Kf4 1-0

[Event "Asia Ch"]
[Site "Dubai UAE"]
[Date "1996.??.??"]
[Round "?"]
[White "Al Hadarani, Hatim"]
[Black "Tan Chun, Malcolm"]
[Result "0-1"]
[WhiteElo "2390"]
[BlackElo "2305"]
[PlyCount "102"]
[EventDate "1996.??.??"]
[Source "www.chesslib.no"]
[SourceDate "2004.05.04"]

1. e4 e5 2. Nc3 Nf6 3. f4 d5 4. fxe5 Nxe4 5. Nf3 Be7 6. Qe2 Nxc3 7. dxc3 c6 8. Be3 Be6 9. Qf2 Nd7 10. Qg3 Bf8 11. Be2 Qc7 12. Bf4 O-O-O 13. b4 h6 14. h4 c5 15. b5 c4 16. Nd4 Nc5 17. Bg4 Bxg4 18. Qxg4+ Qd7 19. Qf3 Ne4 20. O-O Bc5 21. Be3 Nxc3 22. Nf5 d4 23. Bf2 g6 24. Ng3 Qd5 25. Qg4+ Qe6 26. Qf3 Rd5 27. a4 Rxe5 28. a5 Qd5 29. Qf6 Rhe8 30. a6 b6 31. Kh1 Nxb5 32. Bg1 R5e7 33. h5 Bd6 34. Bh2 Be5 35. Qf2 Nc3 36. Rae1 Kd7 37. hxg6 fxg6 38. Kg1 h5 39. Rxe5 Rxe5 40. Qf6 Rg5 41. Rf3 h4 42. Nf1 Ne4 43. Qf4 Nd6 44. Qxh4 Qxf3 45. Qxg5 Qf5 46. Qh4 Ne4 47. Bg3 Rf8 48. Nd2 Nxd2 49. Qxd4+ Ke8 50. Bh4 Qf1+ 51. Kh2 Qf4+ 0-1

[Event "Basarrate"]
[Site "Basarrate"]
[Date "1992.??.??"]
[Round "?"]
[White "Aldama, Degurnay"]
[Black "Hedman Senarega, Jose Antonio"]
[Result "1-0"]
[WhiteElo "2380"]
[BlackElo "2315"]
[PlyCount "83"]
[EventDate "1992.??.??"]
[Source "www.chesslib.no"]
[SourceDate "2004.05.04"]

1. e4 e5 2. Nc3 Nf6 3. f4 d5 4. fxe5 Nxe4 5. Nf3 Be7 6. Be2 O-O 7. O-O Nc6 8. d4 Bg4 9. Bd3 Ng5 10. Ne2 Nb4 11. Nxg5 Bxg5 12. a3 Nxd3 13. Qxd3 Bxe2 14. Qxe2 Bxc1 15. Raxc1 c6 16. Rf4 f6 17. exf6 Rxf6 18. Rcf1 Rxf4 19. Qe6+ Kh8 20. Rxf4 Qe8 21. Qxe8+ Rxe8 22. Rf7 Rb8 23. Rc7 Kg8 24. c3 h6 25. g3 Kh7 26. Kf2 Kg6 27. Ke3 Kf6 28. Kd3 h5 29. b3 g6 30. c4 dxc4+ 31. bxc4 Kf5 32. d5 cxd5 33. cxd5 Ke5 34. Kc4 h4 35. Kc5 hxg3 36. hxg3 a5 37. d6 b5 38. Re7+ Kf6 39. Re3 b4 40. axb4 axb4 41. d7 Rd8 42. Kd6 1-0

[Event "79. ch-ARG"]
[Site "?"]
[Date "2004.09.25"]
[Round "2"]
[White "Pedro Fernando"]
[Black "Pierrot Facundo"]
[Result "1/2-1/2"]
[WhiteElo "2255"]
[BlackElo "2436"]
[PlyCount "102"]
[EventDate "2004.??.??"]
[Source "www.chesslib.no"]
[SourceDate "2004.05.04"]

1. e4 e5 2. Nc3 Nf6 3. f4 d5 4. fxe5 Nxe4 5. Nf3 Be7 6. Qe2 Nxc3 7. dxc3 c5 8. Bf4 Nc6 9. Qd2 Be6 10. Bd3 Qb6 11. b3 O-O-O 12. Be2 f5 13. exf6 Bxf6 14. Bg5 Rhf8 15. Bxf6 Rxf6 16. O-O h6 17. Nh4 Rdf8 18. Ng6 Rxf1+ 19. Rxf1 Rxf1+ 20. Kxf1 Qd8 21. Qf4 Qf6 22. Qxf6 gxf6 23. Nf4 Bf7 24. Bf3 Ne7 25. Kf2 Kc7 26. Bh5 Bg8 27. Kf3 Kd6 28. Nd3 Bh7 29. Kf4 b5 30. Bd1 a5 31. a3 Be4 32. g3 f5 33. Nf2 Ng6+ 34. Ke3 Ke5 35. Nd3+ Kd6 36. b4 Bxd3 37. cxd3 d4+ 38. Kd2 cxb4 39. cxb4 axb4 40. axb4 Ne5 41. Bh5 Ke7 42. Kc2 Nc6 43. Kb3 Ne5 44. Kc2 Kd7 45. Be2 Nc6 46. Kb3 Ne7 47. Bf3 Kd6 48. Kc2 Nc8 49. Kd2 Ne7 50. Kc2 Ke5 51. Kd2 Kd6 1/2-1/2

[Event "NED Ch"]
[Site "Leeuwarden NED"]
[Date "1971.??.??"]
[Round "8"]
[White "Van der Weide, Piet"]
[Black "Scholl, Eddie C"]
[Result "1/2-1/2"]
[WhiteElo "2260"]
[BlackElo "2430"]
[PlyCount "44"]
[EventDate "1971.11.??"]
[Source "www.chesslib.no"]
[SourceDate "2004.05.04"]

1. e4 e5 2. Nc3 Nf6 3. f4 d5 4. fxe5 Nxe4 5. Nf3 Be7 6. d4 O-O 7. Bd3 f5 8. exf6 Bxf6 9. O-O Nc6 10. Nxe4 dxe4 11. Bxe4 Nxd4 12. Ng5 Bf5 13. c3 Bxg5 14. Bxg5 Qxg5 15. Qxd4 Bxe4 16. Qxe4 c6 17. Rae1 Qc5+ 18. Kh1 h6 19. h3 Qb5 20. Qe6+ Kh8 21. Rf7 Rxf7 22. Qxf7 Qxb2 1/2-1/2

[Event "It Open"]
[Site "Lenk SUI"]
[Date "1991.??.??"]
[Round "5"]
[White "Maeser, Fabian"]
[Black "Donev, Ivo H"]
[Result "0-1"]
[WhiteElo "2295"]
[BlackElo "2385"]
[PlyCount "46"]
[EventDate "1991.??.??"]
[Source "www.chesslib.no"]
[SourceDate "2004.05.04"]

1. e4 e5 2. Nc3 Nf6 3. f4 d5 4. fxe5 Nxe4 5. Nf3 Be7 6. Qe2 Nxc3 7. dxc3 c5 8. Bf4 Nc6 9. O-O-O Qa5 10. Kb1 Be6 11. a3 h6 12. Qb5 Qc7 13. c4 d4 14. g4 Bxg4 15. Be2 Be6 16. h4 O-O-O 17. h5 Rhe8 18. Rhg1 Bf8 19. Qa4 Qb6 20. Rde1 Bd7 21. Qb5 Qc7 22. Qa4 Na5 23. e6 Bxa4 0-1

[Event "Dieren Open"]
[Site "Dieren NED"]
[Date "1988.??.??"]
[Round "4"]
[White "Belkhodja, Slim"]
[Black "Langeweg, Kick"]
[Result "1/2-1/2"]
[WhiteElo "2315"]
[BlackElo "2360"]
[PlyCount "39"]
[EventDate "1988.??.??"]
[Source "www.chesslib.no"]
[SourceDate "2004.05.04"]

1. e4 e5 2. Nc3 Nf6 3. f4 d5 4. fxe5 Nxe4 5. Nf3 Be7 6. d4 Bb4 7. Bd2 c5 8. Bd3 Nxd2 9. Qxd2 cxd4 10. Nxd4 Nc6 11. Nxc6 bxc6 12. O-O O-O 13. Kh1 Rb8 14. Qf2 Qe7 15. Ne2 Qxe5 16. Nd4 Bd7 17. c3 Bd6 18. Qh4 g6 19. Rae1 Qg7 20. Rf6 1/2-1/2

[Event "Asian Team Ch."]
[Site "Shenyang CHN"]
[Date "1999.10.13"]
[Round "5"]
[White "Mallahi, A."]
[Black "Ganbold, O."]
[Result "1-0"]
[WhiteElo "2317"]
[BlackElo "2334"]
[PlyCount "61"]
[EventDate "1999.10.10"]
[Source "www.chesslib.no"]
[SourceDate "2004.05.04"]

1. e4 e5 2. Nc3 Nf6 3. f4 d5 4. fxe5 Nxe4 5. Nf3 Be7 6. Qe2 Nc5 7. d4 Ne6 8. Be3 O-O 9. O-O-O c6 10. Qf2 b5 11. Bd3 b4 12. Ne2 a5 13. h4 f5 14. exf6 Rxf6 15. Bg5 Rf8 16. Qg3 Nd7 17. Bxe7 Qxe7 18. Rde1 Nf6 19. Ng5 Nxg5 20. hxg5 Ne4 21. Bxe4 Qxe4 22. Rh4 Qe7 23. Nf4 Qd6 24. Re5 Bf5 25. Qe3 Ra7 26. Rh1 Be4 27. Ne6 Re8 28. Qh3 g6 29. Nc7 Re7 30. Qc8+ Kg7 31. Rxe7+ 1-0

[Event "FIN Team Ch"]
[Site "Finland"]
[Date "1991.??.??"]
[Round "?"]
[White "Kivisto, Mikko"]
[Black "Saren, Ilkka J"]
[Result "1-0"]
[WhiteElo "2265"]
[BlackElo "2385"]
[PlyCount "83"]
[EventDate "1991.??.??"]
[Source "www.chesslib.no"]
[SourceDate "2004.05.04"]

1. e4 e5 2. Nc3 Nf6 3. f4 d5 4. fxe5 Nxe4 5. Nf3 Be7 6. Qe2 f5 7. d3 Nxc3 8. bxc3 O-O 9. g3 c5 10. Bg2 Be6 11. Rb1 b6 12. h4 h6 13. Bf4 Nc6 14. Qd2 Qd7 15. O-O Rac8 16. Rf2 Kh7 17. Bh3 Rb8 18. d4 cxd4 19. cxd4 Na5 20. Qd3 Qa4 21. c3 Qc4 22. Qc2 Rbc8 23. Bd2 Kg8 24. Ne1 Qc6 25. Bxf5 Bxf5 26. Rxf5 Nc4 27. Bc1 Qe6 28. Rxf8+ Rxf8 29. Qg2 Kh8 30. Bf4 a6 31. Nc2 b5 32. Rf1 Rc8 33. h5 Nb6 34. Bd2 Kg8 35. g4 b4 36. Nxb4 Bxb4 37. cxb4 Rc2 38. Rf2 Rxa2 39. g5 hxg5 40. Qxg5 Nc4 41. h6 Ra1+ 42. Kg2 1-0

[Event "ESP Ch"]
[Site "Lleida"]
[Date "1991.??.??"]
[Round "4"]
[White "Ferrer Duran, Martin"]
[Black "Alvarez, R."]
[Result "1/2-1/2"]
[WhiteElo "2280"]
[BlackElo "2365"]
[PlyCount "48"]
[EventDate "1991.09.??"]
[Source "www.chesslib.no"]
[SourceDate "2004.05.04"]

1. e4 e5 2. Nc3 Nf6 3. f4 d5 4. fxe5 Nxe4 5. Nf3 Be7 6. Qe2 f5 7. Nd1 O-O 8. d3 Ng5 9. g3 Nxf3+ 10. Qxf3 Nc6 11. Bg2 Be6 12. O-O Bc5+ 13. Be3 Bxe3+ 14. Qxe3 d4 15. Qe2 Bd5 16. Bh3 Qg5 17. c4 dxc3 18. bxc3 f4 19. c4 Nd4 20. Qg4 Qxg4 21. Bxg4 Be6 22. Bxe6+ Nxe6 23. Nc3 Rad8 24. Rad1 fxg3 1/2-1/2

[Event "Wch Seniors"]
[Site "Bad Wildbad"]
[Date "1997.??.??"]
[Round "10"]
[White "Gruzmann, Boris"]
[Black "Borisenko, Georgy K"]
[Result "1/2-1/2"]
[WhiteElo "2265"]
[BlackElo "2380"]
[PlyCount "91"]
[EventDate "1997.11.??"]
[Source "www.chesslib.no"]
[SourceDate "2004.05.04"]

1. e4 e5 2. Nc3 Nf6 3. f4 d5 4. fxe5 Nxe4 5. Nf3 Be7 6. Qe2 f5 7. g3 Nc6 8. Bg2 Be6 9. O-O O-O 10. d3 Nxc3 11. bxc3 Qd7 12. Bg5 Rae8 13. Bxe7 Rxe7 14. Qe3 b6 15. Rf2 Rd8 16. Qf4 h6 17. h4 Rf8 18. Bh1 Bf7 19. Re1 Bg6 20. c4 dxc4 21. Qxc4+ Bf7 22. Qb5 Bd5 23. c4 Be6 24. Ng5 hxg5 25. Qxc6 Qxd3 26. Bd5 Qxg3+ 27. Kf1 Qh3+ 28. Kg1 Qg3+ 29. Kf1 Qh3+ 30. Kg1 f4 31. hxg5 Qg3+ 32. Kf1 Qh3+ 33. Kg1 Qg3+ 34. Kf1 Qh3+ 35. Kg1 Qf5 36. Rg2 f3 37. Rf1 Qxe5 38. Bxf3 Qd4+ 39. Rgf2 Bxc4 40. Rd1 Qc5 41. Qxc5 bxc5 42. Rc1 Bxa2 43. Rxa2 Rxf3 44. Rxc5 Rf8 45. Rxa7 Rc8 46. Kf2 1/2-1/2

[Event "Yemen op 1st"]
[Site "Sanaa"]
[Date "2002.10.08"]
[Round "2"]
[White "Mallahi, Amir"]
[Black "Alqudaimi, BA."]
[Result "1-0"]
[WhiteElo "2406"]
[BlackElo "2237"]
[PlyCount "69"]
[EventDate "2002.10.04"]
[Source "ChessBase"]
[SourceDate "2002.11.06"]

1. e4 e5 2. Nc3 Nf6 3. f4 d5 4. fxe5 Nxe4 5. Nf3 Be7 6. Qe2 Nxc3 7. dxc3 c5 8. Bf4 Nc6 9. O-O-O Qa5 10. Kb1 Be6 11. Qb5 Qc7 12. Qe2 c4 13. g3 b5 14. Bg2 O-O-O 15. h4 a5 16. Ng5 Bxg5 17. hxg5 b4 18. Qe3 Qa7 19. Qxa7 Nxa7 20. Be3 Nc6 21. cxb4 axb4 22. Bc5 Nxe5 23. Bxb4 Ng4 24. Bc5 h6 25. gxh6 Rxh6 26. Bd4 Rg6 27. b3 cxb3 28. cxb3 Bf5+ 29. Kb2 Be4 30. Rhg1 Nh6 31. Be5 Re8 32. Rc1+ Kd8 33. Bf4 Ng4 34. Bxe4 Rxe4 35. Rgd1 1-0

[Event "Nordic-chT"]
[Site "Pohja"]
[Date "1985.??.??"]
[Round "?"]
[White "Kivisto, Mikko"]
[Black "Hoen, Ragnar"]
[Result "1/2-1/2"]
[WhiteElo "2325"]
[BlackElo "2315"]
[PlyCount "105"]
[EventDate "1985.10.??"]
[Source "ChessBase"]

1. e4 e5 2. Nc3 Nf6 3. f4 d5 4. fxe5 Nxe4 5. Nf3 Be7 6. Qe2 Nxc3 7. dxc3 c5 8. Bf4 Nc6 9. O-O-O Be6 10. c4 d4 11. Qe4 Qa5 12. a3 h6 13. Bd3 O-O-O 14. Nd2 a6 15. Rhf1 Rd7 16. Qe2 Qa4 17. Kb1 Na7 18. Bg3 Qc6 19. Be4 Qb6 20. Bd3 Re8 21. Rf2 Bf8 22. Rdf1 Nc6 23. h3 Kb8 24. Ne4 Ka7 25. Bh2 Na5 26. Nd2 Qc7 27. b3 Rb8 28. Bf5 Be7 29. Bxe6 fxe6 30. Rf3 b5 31. Kb2 Bg5 32. Bf4 Bxf4 33. Rxf4 bxc4 34. Nxc4 d3 35. Qe3 dxc2 36. Nxa5 Qxa5 37. Rf7 Rbb7 38. Rxd7 Rxd7 39. b4 Qb6 40. Qxc5 Qxc5 41. bxc5 Kb7 42. Kxc2 Kc6 43. Rf3 a5 44. Rf8 Rd5 45. Rc8+ Kd7 46. Rg8 g5 47. Kc3 Rxc5+ 48. Kd4 Rd5+ 49. Ke4 Rd2 50. Rg7+ Kc6 51. Re7 Re2+ 52. Kd4 Rd2+ 53. Ke4 1/2-1/2

[Event "Wch U20"]
[Site "Buenos Aires ARG"]
[Date "1992.??.??"]
[Round "?"]
[White "Vescovi, Giovanni P"]
[Black "Jepson, Christian"]
[Result "1/2-1/2"]
[WhiteElo "2340"]
[BlackElo "2295"]
[PlyCount "72"]
[EventDate "1992.10.??"]
[Source "www.chesslib.no"]
[SourceDate "2004.05.04"]

1. e4 e5 2. Nc3 Nf6 3. f4 d5 4. fxe5 Nxe4 5. Nf3 Be7 6. d4 c5 7. Bd3 Nxc3 8. bxc3 Nc6 9. O-O h6 10. Be3 c4 11. Be2 Qa5 12. Qe1 Qa4 13. Bd1 Be6 14. Nh4 g6 15. Qg3 Qa5 16. Bd2 Nxd4 17. Nxg6 fxg6 18. Qxg6+ Kd7 19. cxd4 Qb6 20. c3 Rag8 21. Qc2 Kc8 22. Bf3 Qc6 23. a4 h5 24. a5 Rg7 25. Qa4 Qc7 26. Bc1 Bd8 27. a6 b6 28. Ba3 Rhg8 29. Bd6 Qd7 30. Qb4 Bh3 31. Ra2 Bxg2 32. Rxg2 Rxg2+ 33. Bxg2 Rxg2+ 34. Kxg2 Qg4+ 35. Kh1 Qe4+ 36. Kg1 Qg4+ 1/2-1/2

[Event "Open"]
[Site "Sevilla op"]
[Date "1993.??.??"]
[Round "9"]
[White "Vega, Fabian"]
[Black "Palacios, E."]
[Result "1-0"]
[WhiteElo "2385"]
[BlackElo "2245"]
[PlyCount "57"]
[EventDate "1993.??.??"]
[Source "www.chesslib.no"]
[SourceDate "2004.05.04"]

1. e4 e5 2. Nc3 Nf6 3. f4 d5 4. fxe5 Nxe4 5. Nf3 Be7 6. Qe2 Nxc3 7. dxc3 O-O 8. Bf4 c5 9. O-O-O Nc6 10. c4 d4 11. Qe4 f5 12. Qd5+ Kh8 13. a3 Qe8 14. h4 b6 15. Ng5 Bb7 16. Qf3 Bxg5 17. hxg5 g6 18. Bd3 Qe6 19. Rh6 Rf7 20. Rdh1 Rg8 21. Kb1 Rgg7 22. Qd5 Bc8 23. Re1 Rg8 24. Reh1 Rd8 25. Qxe6 Bxe6 26. Rxg6 Re8 27. Rgh6 Rg7 28. g6 Ne7 29. Bg5 1-0

[Event "COL Ch"]
[Site "Bogota COL"]
[Date "1975.??.??"]
[Round "10"]
[White "Castro, Oscar H"]
[Black "Henao, Raul Fernando"]
[Result "1-0"]
[WhiteElo "2360"]
[BlackElo "2270"]
[PlyCount "63"]
[EventDate "1975.??.??"]
[Source "www.chesslib.no"]
[SourceDate "2004.05.04"]

1. e4 e5 2. Nc3 Nf6 3. f4 d5 4. fxe5 Nxe4 5. Nf3 Be7 6. d4 O-O 7. Bd3 f5 8. exf6 Bxf6 9. O-O Nc6 10. Be3 Bf5 11. Qe2 Nxc3 12. bxc3 Bxd3 13. cxd3 Qd6 14. Qd2 Rae8 15. Bf4 Qd7 16. Qb2 b6 17. a4 a6 18. Qf2 Re7 19. Qg3 Rfe8 20. Rf2 b5 21. axb5 axb5 22. Bg5 Bxg5 23. Qxg5 h6 24. Qh5 Rf8 25. Rb2 Qe6 26. h3 b4 27. Re1 bxc3 28. Rxe6 cxb2 29. Qxd5 Rf5 30. Re5+ Kh7 31. Qa2 Nxe5 32. dxe5 1-0

[Event "Geneve-B"]
[Site "Geneva SUI"]
[Date "1988.??.??"]
[Round "?"]
[White "Boog, Alexandre"]
[Black "Lane, Gary W"]
[Result "1-0"]
[WhiteElo "2215"]
[BlackElo "2410"]
[PlyCount "79"]
[EventDate "1988.10.??"]
[Source "www.chesslib.no"]
[SourceDate "2004.05.04"]

1. e4 e5 2. Nc3 Nf6 3. f4 d5 4. fxe5 Nxe4 5. Nf3 Be7 6. Qe2 Nxc3 7. dxc3 O-O 8. Bf4 c6 9. O-O-O Na6 10. h4 Bg4 11. Qf2 Nc5 12. Qg3 Qd7 13. Re1 Ne4 14. Qh2 Rae8 15. Bd3 Nf2 16. Rhf1 Nxd3+ 17. cxd3 c5 18. Qg3 Kh8 19. Bg5 Bh5 20. Bxe7 Qxe7 21. Ng5 Qc7 22. Nh3 f5 23. Nf4 Bg4 24. Nxd5 Qf7 25. c4 h5 26. Qe3 b6 27. Qg5 Kh7 28. Nf4 g6 29. Nd5 Kg7 30. Re3 b5 31. g3 Re6 32. Rfe1 bxc4 33. dxc4 Rc8 34. b3 Ra6 35. Kb2 Qd7 36. Rd3 Qb7 37. Nf4 Qb4 38. Rd7+ Kg8 39. Nxg6 Qa3+ 40. Kc3 1-0

[Event "Corr"]
[Site "?"]
[Date "2003.09.01"]
[Round "?"]
[White "Kubasky Alojz (SVK)"]
[Black "Eilmes Don P.(USA)"]
[Result "1/2-1/2"]
[WhiteElo "2315"]
[BlackElo "2302"]
[PlyCount "49"]
[EventDate "2003.??.??"]
[Source "www.chesslib.no"]
[SourceDate "2004.05.04"]

1. e4 e5 2. Nc3 Nf6 3. f4 d5 4. fxe5 Nxe4 5. Nf3 Be7 6. Qe2 Nxc3 7. dxc3 c5 8. Bf4 Nc6 9. O-O-O O-O 10. Qf2 Qa5 11. a3 c4 12. g4 Bxg4 13. Qg3 d4 14. Qxg4 dxc3 15. Rg1 cxb2+ 16. Kb1 g6 17. Bxc4 Qxa3 18. Qxg6+ hxg6 19. Rxg6+ Kh7 20. Rh6+ Kg7 21. Rg1+ Bg5 22. Rxg5+ Kxh6 23. Rg3+ Kh5 24. Rg5+ Kh6 25. Rg3+ 1/2-1/2

[Event "Connecticut USA"]
[Site "?"]
[Date "2005.03.23"]
[Round "1"]
[White "Strenzwilk Denis"]
[Black "Lein Anatoly"]
[Result "0-1"]
[WhiteElo "2200"]
[BlackElo "2416"]
[PlyCount "152"]
[EventDate "2005.??.??"]
[Source "www.chesslib.no"]
[SourceDate "2004.05.04"]

1. e4 e5 2. Nc3 Nf6 3. f4 d5 4. fxe5 Nxe4 5. Nf3 Be7 6. d4 O-O 7. Bd3 Bf5 8. O-O Nc6 9. Qe1 Nb4 10. Nxe4 dxe4 11. Bxe4 Nxc2 12. Bxc2 Bxc2 13. Qc3 Be4 14. Be3 c6 15. Rac1 Bd5 16. a3 a5 17. Ra1 a4 18. Rac1 Ra5 19. Qd2 Rb5 20. Rf2 Qb6 21. Ne1 Qa5 22. Nd3 f6 23. exf6 Bxf6 24. Qxa5 Rxa5 25. Bd2 Raa8 26. Bc3 Rad8 27. Ne5 Rfe8 28. Re1 Re6 29. g3 Rde8 30. Rfe2 Bd8 31. Re3 Bb6 32. Ng4 c5 33. Rxe6 Rxe6 34. Rxe6 Bxe6 35. dxc5 Bxc5+ 36. Nf2 Bh3 37. Be1 Bd4 38. Bc3 Be3 39. g4 Bxg4 40. Kg2 Bd7 41. Kf3 Bb6 42. Nd3 Kf8 43. Ne5 Be6 44. h4 Bd8 45. Be1 Bf6 46. Kf4 Ke7 47. Bb4+ Ke8 48. Be1 h6 49. Bg3 g5+ 50. hxg5 Bxg5+ 51. Ke4 Bf6 52. Nd3 b5 53. Ne5 h5 54. Kf4 h4 55. Bh2 Kf8 56. Ke4 Kg7 57. Bf4 h3 58. Kf3 Bf5 59. Kg3 Kf8 60. Kf3 Ke7 61. Ke3 Ke6 62. Kd4 Bb1 63. Bh2 Ba2 64. Ke4 Bd5+ 65. Kd4 Bb7 66. Bg3 Kf5 67. Bh2 Ba8 68. Bg3 Be4 69. Bh2 Bc2 70. Bg3 Bg5 71. Bh2 Bf4 72. Nf3 Bxh2 73. Nxh2 Kf4 74. Kc3 Be4 75. Kd2 Bg2 76. Ke2 Kg3 0-1

[Event "Bad Woerishofen Open"]
[Site "Bad Woerishofen GER"]
[Date "1995.??.??"]
[Round "7"]
[White "Roeder, Gerd"]
[Black "Bach, Adrian"]
[Result "0-1"]
[WhiteElo "2255"]
[BlackElo "2350"]
[PlyCount "134"]
[EventDate "1995.03.??"]
[Source "www.chesslib.no"]
[SourceDate "2004.05.04"]

1. e4 e5 2. Nc3 Nf6 3. f4 d5 4. fxe5 Nxe4 5. Nf3 Be7 6. d4 Bf5 7. Bd3 c5 8. Qe2 Nxc3 9. bxc3 Bg4 10. Bb5+ Nc6 11. O-O O-O 12. Bxc6 bxc6 13. Be3 Qa5 14. Qd3 c4 15. Qd2 Rab8 16. a4 Rb2 17. Bg5 Qd8 18. Qc1 Rb7 19. Bxe7 Qxe7 20. Rb1 Rxb1 21. Qxb1 Bf5 22. Qb2 Be4 23. Rb1 f6 24. Qb7 Qe8 25. exf6 gxf6 26. Qc7 Qg6 27. Qg3 Qxg3 28. hxg3 Bxc2 29. Rb7 a5 30. Ra7 Bxa4 31. Rxa5 Bc2 32. Kf2 Re8 33. Ra2 Bd3 34. Ng1 Rb8 35. Ne2 Rb3 36. Nf4 Rxc3 37. Ra6 Rc2+ 38. Ke3 Be4 39. Rxc6 Bxg2 40. Rc5 Rc3+ 41. Kf2 Be4 42. Nxd5 Rf3+ 43. Ke2 Bxd5 44. Rxd5 Rxg3 45. Rc5 c3 46. d5 Kf7 47. Rc7+ Kg6 48. d6 Rg2+ 49. Ke3 Rd2 50. Rxc3 Rxd6 51. Kf4 Rd5 52. Rg3+ Rg5 53. Ra3 h5 54. Ra8 h4 55. Rh8 Rh5 56. Rg8+ Kf7 57. Rg1 h3 58. Rh1 h2 59. Kg3 Kg6 60. Kg4 Rh8 61. Kf4 Rh4+ 62. Kg3 Kg5 63. Kf3 Rh3+ 64. Kf2 Kg4 65. Kg2 Rg3+ 66. Kf2 Kh3 67. Kf1 Rg2 0-1

[Event "Helsinki Club Ch"]
[Site "Helsinki FIN"]
[Date "1990.??.??"]
[Round "2"]
[White "Kivisto, Mikko"]
[Black "Ojanen, Kaarle S"]
[Result "0-1"]
[WhiteElo "2265"]
[BlackElo "2340"]
[PlyCount "60"]
[EventDate "1990.??.??"]
[Source "www.chesslib.no"]
[SourceDate "2004.05.04"]

1. e4 e5 2. Nc3 Nf6 3. f4 d5 4. fxe5 Nxe4 5. Nf3 Be7 6. Qe2 Nxc3 7. dxc3 O-O 8. Bf4 Bf5 9. O-O-O c5 10. Kb1 Nc6 11. g4 Bxg4 12. Rg1 Bf5 13. Qg2 g6 14. Bd3 Qd7 15. Bh6 Rfd8 16. h4 Bxd3 17. Rxd3 Qf5 18. Qg3 d4 19. cxd4 cxd4 20. Bg5 Bxg5 21. hxg5 Nb4 22. Nh4 Qe4 23. Re1 Qd5 24. Rb3 a5 25. a3 d3 26. axb4 d2 27. Rd1 axb4 28. Qf4 Qa5 29. c3 Qa1+ 30. Kc2 Qxd1+ 0-1

[Event "Czestochowa"]
[Site "Czestochowa"]
[Date "1981.??.??"]
[Round "2"]
[White "Pinkas, Karol"]
[Black "Sygulski, Artur"]
[Result "1/2-1/2"]
[WhiteElo "2395"]
[BlackElo "2200"]
[PlyCount "118"]
[EventDate "1981.08.??"]
[Source "ChessBase"]

1. e4 e5 2. Nc3 Nf6 3. f4 d5 4. fxe5 Nxe4 5. Nf3 Be7 6. Qe2 f5 7. d3 Nxc3 8. bxc3 O-O 9. g3 c5 10. Bg2 Nc6 11. O-O Be6 12. h4 h6 13. Bf4 Qe8 14. Rf2 b5 15. d4 cxd4 16. cxd4 Na5 17. h5 Nc4 18. Ne1 Kh7 19. Nd3 g5 20. hxg6+ Qxg6 21. Nc5 Bxc5 22. dxc5 Qf7 23. Bf1 Rh8 24. Bh3 Rhg8 25. Kh2 h5 26. Raf1 Qg6 27. Rf3 d4 28. Qd3 Rgd8 29. Re1 Rd5 30. Rf2 Rg8 31. c6 Ne3 32. Rf3 Ng4+ 33. Kg1 h4 34. Qa3 Qg7 35. Re2 Kh8 36. Kf1 Nxe5 37. Rff2 hxg3 38. Rg2 d3 39. cxd3 Nxd3 40. Bxg3 Qa1+ 41. Be1 Nxe1 42. Rxe1 Rd1 43. Rxg8+ Kxg8 44. Qe3 Bc4+ 45. Kf2 Qxa2+ 46. Kg1 Rxe1+ 47. Qxe1 Be6 48. Qg3+ Kf7 49. Qc7+ Kf6 50. Qd8+ Kg6 51. Qe8+ Bf7 52. Qe5 Qe6 53. Qg3+ Kf6 54. c7 Qb6+ 55. Kh2 Be6 56. Qc3+ Ke7 57. c8=N+ Bxc8 58. Qxc8 b4 59. Bxf5 Qd6+ 1/2-1/2

[Event "Gyor Matrai Nyar op"]
[Site "?"]
[Date "1997.??.??"]
[Round "7"]
[White "Michalczyk Stanislaw"]
[Black "Neverov Anatoly"]
[Result "0-1"]
[WhiteElo "2195"]
[BlackElo "2395"]
[PlyCount "80"]
[EventDate "1997.??.??"]
[Source "www.chesslib.no"]
[SourceDate "2004.05.04"]

1. e4 e5 2. Nc3 Nf6 3. f4 d5 4. fxe5 Nxe4 5. Nf3 Be7 6. Qe2 Nxc3 7. dxc3 O-O 8. Bf4 c6 9. O-O-O Qa5 10. Kb1 Na6 11. Bg5 Bxg5 12. Nxg5 Nc5 13. Qh5 Bf5 14. Bd3 Nxd3 15. cxd3 Qa4 16. Nf3 Bg6 17. Qg5 c5 18. Ka1 Rae8 19. h4 h6 20. Qg3 Re6 21. h5 Ra6 22. a3 Bxh5 23. Rde1 Qg4 24. Qf2 Rc8 25. d4 cxd4 26. Nxd4 Bg6 27. Rh4 Qg5 28. Rf4 Qe7 29. Nb5 Rf8 30. Rb4 f6 31. Qd4 Bf7 32. Nxa7 fxe5 33. Qf2 d4 34. Nb5 dxc3 35. bxc3 Rc8 36. Qb2 Qc5 37. Rd1 Bc4 38. Rxc4 Qxc4 39. Nd6 Qxc3 40. Nxc8 Rxa3+ 0-1